<?xml version="1.0" encoding="UTF-8"?>
<record
    xmlns:xsi="http://www.w3.org/2001/XMLSchema-instance"
    xsi:schemaLocation="http://www.loc.gov/MARC21/slim http://www.loc.gov/standards/marcxml/schema/MARC21slim.xsd"
    xmlns="http://www.loc.gov/MARC21/slim">

  <leader>00364    a2200109   4500</leader>
  <controlfield tag="001">ART_47464</controlfield>
  <controlfield tag="005">20260410162032.0</controlfield>
  <controlfield tag="008">260409a                                 </controlfield>
  <datafield tag="245" ind1="1" ind2="0">
    <subfield code="a">Qu&#xED;micos y petroqu&#xED;micos. Obreros y empleados. CCT 77/1989. Acuerdo salarial 2018</subfield>
  </datafield>
  <datafield tag="100" ind1="1" ind2=" ">
    <subfield code="a">Godoy, Laura M.</subfield>
  </datafield>
  <datafield tag="773" ind1="0" ind2=" ">
    <subfield code="t">Liquidaci&#xF3;n de sueldos</subfield>
    <subfield code="g">- N&#xB0; 148 (sep. 2018)</subfield>
    <subfield code="w">REV44399</subfield>
  </datafield>
  <datafield tag="999" ind1=" " ind2=" ">
    <subfield code="c">34110</subfield>
    <subfield code="d">34110</subfield>
  </datafield>
</record>
